|
|
|
|
| LEADER |
00000nas a2200000 a 4500 |
| 001 |
ssj0001876 |
| 003 |
WaSeSS |
| 005 |
20200512172242.0 |
| 006 |
m d |
| 007 |
cr n |
| 008 |
021211c19849999dcuqx pss 0 a0eng c |
| 010 |
|
|
|a 2002227243
|
| 015 |
|
|
|a GBB8D8489
|2 bnb
|
| 016 |
7 |
|
|a 021649049
|2 DE-101
|
| 016 |
7 |
|
|a 2043911-8
|2 DE-600
|
| 016 |
7 |
|
|a 018837170
|2 Uk
|
| 022 |
|
|
|a 1931-1346
|l 0746-8342
|y 0746-8342
|
| 035 |
|
|
|a (WaSeSS)ssj0001876
|
| 037 |
|
|
|b Mathematical Association of America, 1529 18th St., NW, Washington, DC 20036
|
| 040 |
|
|
|a EYM
|b eng
|e pn
|c EYM
|d OCLCQ
|d NSD
|d OCLCQ
|d GBVCP
|d DLC
|d OCLCQ
|d OCLCA
|d OCLCF
|d HEBIS
|d OCLCO
|d OCLCQ
|d GILDS
|d UKMGB
|d VT2
|d OCLCO
|d NJT
|d OCLCA
|d DLC
|d WaSeSS
|
| 042 |
|
|
|a pcc
|a nsdp
|
| 050 |
0 |
0 |
|a QA11.A1
|
| 082 |
1 |
0 |
|a 510
|2 13
|
| 130 |
0 |
|
|a College mathematics journal (Online)
|
| 222 |
|
4 |
|a The college mathematics journal
|b (Online)
|
| 245 |
1 |
4 |
|a The college mathematics journal
|h [electronic resource].
|
| 260 |
|
|
|a Washington, D.C. :
|b Mathematical Association of America,
|c 1984-
|
| 310 |
|
|
|a Five no. a year
|
| 362 |
0 |
|
|a Vol. 15, no. 1 (Jan. 1984)-
|
| 500 |
|
|
|a Title from title screen (viewed Dec. 12, 2002).
|
| 506 |
|
|
|a License restrictions may limit access.
|
| 538 |
|
|
|a Mode of access: World Wide Web.
|
| 550 |
|
|
|a Official publication of: Mathematical Association of America.
|
| 588 |
|
|
|a Latest issue consulted: Vol. 51, issue 3 (2020) (Taylor & Francis website, viewed May 4, 2020).
|
| 650 |
|
0 |
|a Mathematics
|x Study and teaching
|v Periodicals.
|
| 650 |
|
0 |
|a Mathematics
|v Periodicals.
|
| 650 |
|
7 |
|a Mathematics.
|2 fast
|0 (OCoLC)fst01012163
|
| 650 |
|
7 |
|a Mathematics
|x Study and teaching.
|2 fast
|0 (OCoLC)fst01012236
|
| 650 |
|
7 |
|a Mathematik
|2 gnd
|
| 650 |
|
7 |
|a College
|2 gnd
|
| 655 |
|
0 |
|a Electronic journals.
|
| 710 |
2 |
|
|a Mathematical Association of America.
|
| 776 |
1 |
|
|t College mathematics journal
|x 0746-8342
|w (DLC) 84641705
|w (OCoLC)10310554
|
| 780 |
0 |
0 |
|t Two-year college mathematics journal (Online)
|x 2325-9116
|w (DLC) 2002227242
|w (OCoLC)51205254
|
| 850 |
|
|
|a DLC
|
| 856 |
4 |
0 |
|z Full text available from Research Library: 01/01/1997 to 09/30/2007
|u https://search.proquest.com/publication/47353
|